000 00668nam a2200217 a 4500
001 BRCA_1993
005 20190320203629.0
008 040812s2002 mx-a---###---#000-0#spa-#
040 _aDLC
_cDLC
_dDLC
050 4 _aCR2149
_b.M86 20002
100 1 _aMuñoz Altea, Fernando
_96110
245 1 0 _aBlasones y apellidos
_cFernando Muñoz Altea.
260 _aMéxico
_bJoaquín Porrúa
_c2002
300 _avi, 406 p.
_bil. blanco y negro
_c28 cm.
650 1 4 _aHeráldica
_zEspaña
_95939
650 1 4 _aHeráldica
_zAmérica Latina
_96111
650 1 4 _aNombre personal
_zEspaña
_96112
650 1 4 _aNombre personal
_zAmérica Latina
_96113
902 _aREF
942 _2lcc
_cB
999 _c1760
_d1760